Quizzes
Events
Quiz Creation
Community
Videos
Private Events
Remove Ads
Sign In
Join for FREE
Feedback
Dark Mode
Quiz Categories
Sports
Geography
Music
Movies
Television
Just For Fun
Miscellaneous
History
Literature
Language
Science
Gaming
Entertainment
Religion
Holiday
For Kids
Quiz Lab
Recent
Popular Today
Quiz Kudos Today
Editor Picks
Curator Picks
Quizzes by...
Day
Popularity
Type
Ratings
Length
Year
Community
Subscriptions
Recent Discussions
Orange Saloon
Badges
Playlists
Quests
Create
Leaderboards
Showdown
Live 5
Trivia Bingo
Activity
Puzzle Library
Sporcle Events
Private Events
Virtual Trivia
Globe League
Become a Host
Pub Owners
SporcleCon
Opinionation
Our Games
Videos
Blog
Mobile Apps
Partnerships
Remove Ads and Go Orange
Feedback
Sports
Athletes
MLB
NBA
NHL
NFL
Soccer
Sports Teams
WWE
NCAA
Football
Premier League
Basketball
Baseball
Hockey
Golf
Tennis
Cricket
Rugby
Auto Racing
Olympics
World Cup
Sports
Athletes
MLB
NBA
NHL
NFL
Soccer
Sports Teams
WWE
NCAA
Football
Premier League
Basketball
Baseball
Hockey
Golf
Tennis
Cricket
Rugby
Auto Racing
Olympics
World Cup
Random Quiz
Search Sporcle
×
Quiz Lab
Quiz Lab
Sports
Cars
Type in answers that appear in a list
Type in answers that appear in a list
Classic
Best Score? Go Orange.
First Win - Tony Stewart Stats
Can you name the finishing order in the 1999 NASCAR Winston Cup Exide Batteries 400 (Tony Stewart's first Cup win)?
By
2mbs
6m
43 Questions
389 Plays
389 Plays
389 Plays
Comments
Comments
Give Quiz Kudos
Give Quiz Kudos
-
- Ratings
hide this ad
Replay
Link that replays current quiz
Next Quiz
Link to next quiz in quiz playlist
You Got
0%
They Got
Avg Score
86%
Avg Friend Score
Upgrade to see
Score Distribution
Jump to the score distribution portion of the page
Score
0/43
Timer
06:00
0
Plays Today
Position
Driver
% Correct
1
Tony Stewart
99.7%
2
Bobby Labonte
99.2%
3
Dale Jarrett
99.2%
6
Dale Earnhardt
99.2%
10
Dale Earnhardt Jr.
99.2%
4
Sterling Marlin
99%
43
Terry Labonte
97.7%
34
Ward Burton
96.9%
13
Jeff Burton
96.7%
40
Jeff Gordon
96.7%
14
Rusty Wallace
96.1%
27
Ricky Rudd
96.1%
12
Kenny Wallace
95.9%
35
Mark Martin
94.9%
16
Steve Park
94.3%
11
Mike Skinner
93.8%
15
Kyle Petty
93.8%
24
Mike Wallace
93.6%
36
Bill Elliott
93.3%
25
Jeremy Mayfield
93.1%
9
John Andretti
92.8%
21
Ken Schrader
92.3%
Position
Driver
% Correct
38
Michael Waltrip
92.3%
32
Darrell Waltrip
92%
7
Bobby Hamilton
88.9%
17
Elliott Sadler
88.4%
5
Kenny Irwin Jr.
88.2%
23
Geoffrey Bodine
87.4%
31
Brett Bodine
86.9%
19
Todd Bodine
86.6%
20
Joe Nemechek
86.1%
37
Jimmy Spencer
85.9%
42
Chad Little
84.6%
22
Johnny Benson Jr.
78.7%
28
Wally Dallenbach Jr.
74.8%
26
Kevin Lepage
74%
39
Robert Pressley
72%
41
Rick Mast
68.6%
8
Ted Musgrave
67.6%
18
Jerry Nadeau
66.1%
30
Steve Grissom
56.8%
33
David Green
50.4%
29
Ron Hornaday Jr.
33.2%
Quiz Playlist
Details
Report
Send in Message
Add To Playlist
Classic:
Type in answers that appear in a list
Quiz Source
Last Updated: Feb 16, 2017
Quiz Scoreboard
CHALLENGE
Sign Up to Join the Scoreboard
Show All
Scores
Hide
Comments
May contain spoilers
Recently Published
Alphabetical 'K' Countries by Flag Minefield
by ylime102
Geography
3m
Pick 6: Fruits
by JohnFran
Miscellaneous
15s
Click the 1999 NBA Draft
by nibperrychub
Sports
2m
More to Explore
Quiz From the Vault
Featured Blog Post
15 Basketball Trivia Facts You Can Be March Mad About
hide this ad
You Might Also Like...
Tags
Cars Quiz
Football Quiz
1999
400
Battery
car
cup
Driver
Finishing
NASCAR
Order
Stewart
Tony
Win
Winston
Today's Top Quizzes in Sports
Browse Sports
hide this ad
Today's Top Quizzes in Cars
Browse Cars
Top Contributed Quizzes in Sports
1
Les joueurs à 100 buts en Ligue 1 Uber Eats
2
Pick 6: NFL Teams
3
MLB 2 truths and a lie: Hall of Fame pitchers
4
Criteria MLB: Left Handed Sluggers
5
2022 World Cup Stars
6
Don't Strike Out: 3000 Strikeouts
7
Millionaire: NBA Finals Edition
8
Pick 6: Minor League Baseball
9
Click the 1998 NBA Draft
10
Pick 6: Olympics
Explore More
Trending Topics
Disney
Anime
Harry Potter
NBA
Crossword
Marvel
Kpop
Soccer
NFL
Country
WWE
The Office
Pokémon
Song
Puzzle
hide this ad
More By:
2mbs
Quiz
Plays
Rating
Category
Featured
Created
Runner-Up to Dale Earnhardt
13,854
4.23
Sports
Mar 14, 2010
Bill Goldberg WCW/WWE PPV Opponents
13,021
3.96
Sports
Feb 21, 2010
Bill Goldberg's WCW Undefeated Streak
8,408
4.13
Sports
Sep 19, 2011
Trish Stratus WWF/WWE PPV Opponents
7,225
3.90
Sports
Feb 1, 2010
Sting TNA PPV Opponents
6,057
3.96
Sports
Nov 15, 2009
Go to Creator's Profile
Score Distribution
Quiz Creator Spotlight
2mbs
Follow
Send a Message
Quizzes Created
-
Created Quiz Play Count
-
More By This Creator
Popular Quizzes Today
1
Countries of Asia Without Outlines Minefield
2
Find the US States - No Outlines Minefield
3
Pick 6: Fruits
4
Alphabetical 'K' Countries by Flag Minefield
5
The Countries of the World
6
Find the US States
7
US States
8
Match the Book to the Film X
More Sports Quizzes
NBA All-Star Game MVPs
Published
Trending Quizzes
Pick 6: Mountains
Pick 6: Harry Potter
Pick 6: NFL Teams
Pick 6: Movie Franchises
Pick 6: Golfers
Recently Updated
NWSL Teams
pecheneg
Women's Final Four Teams by Year
bhenderson79
Presidents Quartet II
eogle
Anything But Clue(do)
eogle
Anything But Oceanian Capitals
eogle
Anything But 7
eogle
Anything But Thing
eogle
Word Ladder: February 29
pecheneg
Song Title Questions
pecheneg
Women's NCAA Tournament #1 Seeds
pecheneg
Trending Topics
Disney
NBA
Crossword
Anime
Kpop
Harry Potter
Marvel
Soccer
NFL
WWE
Puzzle
Pokémon
Song
The Office
Country
Your Account Isn't Verified!
In order to create a playlist on Sporcle, you need to verify the email address you used during registration. Go to your
Sporcle Settings
to finish the process.
Report this User
Report this user for behavior that violates our
Community Guidelines
.
Details:
Send Report
Go to the Sporcle.com Mobile Site →
Comments